00894 2200301 4500001002100000005001500021035002000036007000300056008004100059020002200100082001700122084001900139100003700158245009000195300002900285650002000314700003000334264003200364336002100396337003000417338002300447040002200470090002200492850001200514999002200526990002200548990002200570INLIS00000000087626420230207020803 a0010-0223000132ta230206b2021 yoi g f ind d a978-623-6656-71-604223a899.2213 a899.2213 NUR v0 aNurdiana Kasimd1990-epengarang10aVirus merah jambu :bwanita dalam cahaya /cNurdiana Kasim; penyunting, Afifah Dwi S. avi, 127 halaman ;c19 cm 4aFiksi Indonesia0 aAfifah Dwi S.epenyunting31aBantul :bMegalitera,c2021 2rdacontentateks 2rdamediaatanpa perantara 2rdacarrieravolume aYOPDYOGbinderda aCB-D.11 2021-3856 aYOPDYOG aCB-D.11/2021-3856 aCB-D.11/2021-3856 aCB-D.11/2021-3856